| 000 | 01307cam a22003254a 4500 | ||
|---|---|---|---|
| 999 |
_c18986 _d18986 |
||
| 001 | 14089571 | ||
| 003 | OSt | ||
| 005 | 20170114115012.0 | ||
| 008 | 050811s2004 pr a b 001 0 spa | ||
| 010 |
_a 2005465032 _z 2002031997 |
||
| 020 | _a0847701530 | ||
| 035 | _a(PR-SjLB)lrdh0508628810 | ||
| 040 |
_aDLC _cDLC _dDLC |
||
| 042 | _apcc | ||
| 043 | _anwpr--- | ||
| 050 | 0 | 0 |
_aNX528.A1 _bR63 2004 |
| 100 | 1 |
_aRodríguez Juliá, Edgardo, _d1946- |
|
| 245 | 1 | 0 |
_aMusarañas de domingo / _cEdgardo Rodríguez Juliá. |
| 260 |
_aSan Juan, Puerto Rico : _bEditorial de la Universidad de Puerto Rico, _cc2004. |
||
| 300 |
_a341 p. : _bill. ; _c23 cm. |
||
| 500 | _aArticles originally appeared in El nuevo día between 1988-2004. | ||
| 504 | _aIncludes bibliographical references (p. 331-334) and index. | ||
| 650 | 0 |
_aArts, Puerto Rican _y20th century. |
|
| 651 | 0 |
_aPuerto Rico _xCivilization _y20th century. |
|
| 730 | 0 | _aNuevo día (San Juan, P.R.) | |
| 906 |
_a7 _bcbc _corigres _d2 _encip _f20 _gy-gencatlg |
||
| 942 |
_2lcc _cBOOKS _hNX 528 .A1R63 2004 |
||